00377pab a2200133 454500008004000000100002000040245007600060260000900136300001300145362001100158650002200169650003200191773002000223180718b2007 xxu||||| |||| 00| 0 eng d aRastogi, Satish aMeeting challenges of teacher training programmes through globalisation c2007 ap.17-21. a15 Jan aTeacher education aInservice teacher education aUniversity News